Escolha da marca de cafe torrado e moido em funcao dos fatores decisorios de compra: uma visao do comercio varejista de Lavras, Minas Gerais [Brasil] (Registro n. 317311)
[ somente texto ]
| 000 -LÍDER | |
|---|---|
| campo de controle de tamanho fixo | 01312naa a22003497a 4500 |
| 001 - NÚMERO DE CONTROLE | |
| campo de controle | BR8501845 |
| 003 - IDENTIFICADOR DO NÚMERO DE CONTROLE | |
| campo de controle | BR-BrBNA |
| 005 - DATA E HORÁRIO DA ÚLTIMA TRANSAÇÃO | |
| campo de controle | 20240918175559.0 |
| 007 - CAMPO FIXO DE DESCRIÇÃO FÍSICA--INFORMAÇÃO GERAL | |
| campo de controle de tamanho fixo | ta |
| 008 - CAMPO DE DADOS FIXOS--INFORMAÇÃO GERAL | |
| campo de controle de tamanho fixo | 230509b bl.||||| |||| 00| 0 por d |
| 040 ## - FONTE DA CATALOGAÇÃO | |
| Instituição da catalogação original | BR-BrBNA |
| Idioma da catalogação | por |
| Instituição que transcreveu o registro | Biblioteca Nacional de Agricultura |
| 041 ## - CÓDIGO DE IDIOMA | |
| Código do idioma do texto/trilha sonora ou título diferente | (Pt) |
| 072 ## - CÓDIGO DE CATEGORIA DE ASSUNTO | |
| Código de Categoria de Assunto | E70 |
| Código do objeto | 9910 |
| -- | 2120 |
| 090 ## - NÚMERO DE CHAMADA LOCAL | |
| Número de chamada | E70 BR8501845 |
| 100 1# - ENTRADA PRINCIPAL--NOME PESSOAL | |
| Nome pessoal | Granthom, J.C. |
| 100 1# - ENTRADA PRINCIPAL--NOME PESSOAL | |
| Nome pessoal | Silva, S.O. da |
| 100 1# - ENTRADA PRINCIPAL--NOME PESSOAL | |
| Nome pessoal | Cunha, W.G. da |
| 100 1# - ENTRADA PRINCIPAL--NOME PESSOAL | |
| Nome pessoal | Morais, V.A. |
| 111 1# - ENTRADA PRINCIPAL--NOME DO EVENTO | |
| Nome do evento ou lugar | 1. Congresso Brasileiro de Marketing Rural |
| Local do evento | Lavras, MG (Brazil) |
| Data do evento ou assinatura do tratado | 25 Nov 1984 |
| 245 1# - TÍTULO | |
| Título | Escolha da marca de cafe torrado e moido em funcao dos fatores decisorios de compra: uma visao do comercio varejista de Lavras, Minas Gerais [Brasil] |
| 260 3# - PUBLICAÇÃO, DISTRIBUIÇÃO, ETC. | |
| Local de publicação, distribuição, etc. | Lavras, MG (Brasil): |
| Data da publicação, distribuição, etc. | 1984. |
| 500 ## - NOTA GERAL | |
| Nota geral | 1. Congresso Brasileiro de Marketing Rural. Extrato dos trabalhos para debates<br/>Lavras, MG (Brasil): 1984. p. 17-24<br/>(BR8501845-AM)E70<br/> |
| 650 ## - ASSUNTO--TERMO TÓPICO | |
| Cabeçalho tópico ou nome geográfico | CAFE TRATADO |
| 650 ## - ASSUNTO--TERMO TÓPICO | |
| Cabeçalho tópico ou nome geográfico | PESQUISA DE MERCADO |
| 650 ## - ASSUNTO--TERMO TÓPICO | |
| Cabeçalho tópico ou nome geográfico | CONSUMO |
| 650 ## - ASSUNTO--TERMO TÓPICO | |
| Cabeçalho tópico ou nome geográfico | MERCADO VAREJISTA |
| 650 ## - ASSUNTO--TERMO TÓPICO | |
| Cabeçalho tópico ou nome geográfico | LAVRAS |
| 650 ## - ASSUNTO--TERMO TÓPICO | |
| Cabeçalho tópico ou nome geográfico | MINAS GERAIS |
| 773 0# - ENTRADA ANALÍTICA | |
| Título | 1. Congresso Brasileiro de Marketing Rural. Extrato dos trabalhos para debates |
| Número de controle do registro | E70 BR8501845 |
| Partes relacionadas | Lavras, MG (Brasil), 1984. p. 17-24 |
| 909 ## - | |
| -- | 202404 |
| -- | Lucia |
| -- | 55 |
| -- | Lucia Elande |
| 942 ## - ELEMENTOS DE ENTRADA ADICIONADOS (KOHA) | |
| Tipo de material Koha | Capítulo-Livro |
| Fonte da classificação ou esquema de arquivamento na estante | Classificação AGRIS |
| Situação do descarte | Fonte da classificação ou esquema de arquivamento na estante | Situação física | Não pode ser emprestado | Coleção | Biblioteca de origem | Biblioteca atual | Localização na estante | Total de empréstimos | Número de telefone completo | Data de último acesso | Número do exemplar | Tipo de material Koha | Situação das perdas | Data de aquisição | Fonte de aquisição |
|---|---|---|---|---|---|---|---|---|---|---|---|---|---|---|---|
| Classificação AGRIS | Biblioteca Nacional de Agricultura - Binagri | Biblioteca Nacional de Agricultura - Binagri | Agrobase - Acervo Geral | E70 BR8806189 | 20/05/2024 | 01 | Capítulo-Livro | 2024-04-11 | Portaria Interministerial nº 164/94 |

BINAGRI